Vista normal
Vista MARC
Entrada Personal Name
Número de registros utilizados en: 1
001 - CONTROL NUMBER
- control field: 39481
003 - CONTROL NUMBER IDENTIFIER
- control field: OSt
005 - DATE AND TIME OF LATEST TRANSACTION
- control field: 20210818152521.0
008 - FIXED-LENGTH DATA ELEMENTS
- fixed length control field: 210818|| aca||aabn | a|a d
040 ## - CATALOGING SOURCE
- Original cataloging agency: OSt
- Transcribing agency: OSt
100 ## - HEADING--PERSONAL NAME
- Personal name: Ffrench-Davis, Ricardo
670 ## - SOURCE DATA FOUND
- Source citation: Work cat.: (OSt)8390: Ffrench-Davis, Ricardo, editor, Macroeconomía, comercio y finanzas : , 2005